[Event "Hofheim Spring op-A 1st"]
[Site "Hofheim"]
[Date "2013.04.04"]
[Round "5"]
[White "Kopp, Peter"]
[Black "Meilinger, Claus"]
[Result "1-0"]
[WhiteElo "2096"]
[BlackElo "2019"]
[PlyCount "107"]
[EventDate "2013.04.02"]
[EventType "swiss"]
[EventRounds "9"]
[EventCountry "GER"]
[SourceTitle "CBM 153 Extra"]
[Source "ChessBase"]
[SourceDate "2013.04.22"]
[SourceVersion "1"]
[SourceVersionDate "2013.04.22"]
[SourceQuality "1"]

1. e4 c5 2. c3 Nc6 3. d4 cxd4 4. cxd4 d5 5. exd5 Qxd5 6. Nf3 e6 7. Nc3 Bb4 8. Bd2 Qd8 9. a3 Ba5 10. Bb5 Nge7 11. 0-0 0-0 12. Be3 a6 13. Bxc6 Nxc6 14. b4 Bc7 15. Qb3 Ne7 16. Rfd1 Nd5 17. Ne4 b6 18. Rac1 Bb7 19. Ng3 Rc8 20. Ne5 f6 21. Nc4 b5 22. Nb2 f5 23. Bd2 Qh4 24. Nd3 Bb6 25. Nc5 Bxc5 26. dxc5 Rf6 27. Qf3 Rg6 28. Qh5 Qf6 29. Qf3 Bc6 30. Bc3 Qf7 31. Qd3 h6 32. Be5 Rg5 33. f4 Rg4 34. Rf1 h5 35. h3 Rg6 36. Rf2 h4 37. Ne2 Qb7 38. Kh2 Qd7 39. g4 hxg3+ 40. Nxg3 Qe7 41. Rg1 Qh4 42. Rff1 Nf6 43. Nxf5 exf5 44. Rxg6 Ng4+ 45. Kg1 Nxe5 46. fxe5 Rf8 47. Rxc6 f4 48. Qd5+ Kh8 49. Qf3 Rf5 50. Rg6 Qd8 51. Rg4 Qd4+ 52. Kh1 g5 53. h4 Qxe5 54. Rxg5 1-0

[Event "Hofheim Spring op-A 1st"]
[Site "Hofheim"]
[Date "2013.04.02"]
[Round "1"]
[White "Kopp, Peter"]
[Black "Zude, Arno"]
[Result "0-1"]
[WhiteElo "2096"]
[BlackElo "2459"]
[PlyCount "82"]
[EventDate "2013.04.02"]
[EventType "swiss"]
[EventRounds "9"]
[EventCountry "GER"]
[SourceTitle "CBM 153 Extra"]
[Source "ChessBase"]
[SourceDate "2013.04.22"]
[SourceVersion "1"]
[SourceVersionDate "2013.04.22"]
[SourceQuality "1"]

1. Nf3 Nf6 2. g3 d5 3. Bg2 Bf5 4. d3 e6 5. Nbd2 h6 6. 0-0 Be7 7. Qe1 0-0 8. e4 dxe4 9. dxe4 Bh7 10. Qe2 Nc6 11. c3 Qd7 12. Re1 Rfd8 13. Nc4 a6 14. Nfe5 Nxe5 15. Nxe5 Qb5 16. Qxb5 axb5 17. h3 Bc5 18. Ng4 Nd7 19. Bf4 h5 20. Nh2 e5 21. Bg5 f6 22. Be3 Bxe3 23. Rxe3 Nc5 24. Nf1 Nb3 25. Rb1 Rxa2 26. Re2 Kf8 27. Bf3 g6 28. Rc2 Bg8 29. Be2 c6 30. h4 Ke7 31. f3 Nc5 32. c4 b4 33. Kf2 Na4 34. Rcc1 Rxb2 35. Rxb2 Nxb2 36. Rb1 Nxc4 37. Rxb4 b5 38. Rb1 Ra8 39. Ke1 Ra2 40. g4 Na3 41. Rc1 Nc2+ 0-1

[Event "Hessenliga 1112"]
[Site "Germany"]
[Date "2012.04.29"]
[Round "8.4"]
[White "Kopp, Peter"]
[Black "Kloninger, Paul"]
[Result "0-1"]
[WhiteElo "2127"]
[BlackElo "2293"]
[PlyCount "128"]
[EventDate "2011.09.25"]
[EventType "team-tourn"]
[EventRounds "9"]
[EventCountry "GER"]
[SourceTitle "EXT 2013"]
[Source "ChessBase"]
[SourceDate "2012.11.22"]
[SourceVersion "1"]
[SourceVersionDate "2012.11.22"]
[SourceQuality "1"]
[WhiteTeam "Hofheim II"]
[BlackTeam "Fulda"]
[WhiteTeamCountry "GER"]
[BlackTeamCountry "GER"]

1. e4 c5 2. Nf3 Nc6 3. d3 d6 4. g3 g6 5. Bg2 Bg7 6. 0-0 e5 7. c3 Nge7 8. a3 0-0 9. b4 b6 10. b5 Na5 11. c4 f5 12. Nfd2 f4 13. Nc3 Be6 14. Nd5 Nxd5 15. exd5 Bf5 16. Ne4 Bxe4 17. Bxe4 a6 18. a4 Nb7 19. Bd2 a5 20. Qg4 Bh6 21. Qe6+ Kg7 22. Kh1 Rf6 23. Qh3 Qc8 24. Qh4 Nd8 25. Rg1 Nf7 26. gxf4 Bxf4 27. Bxf4 Rxf4 28. Qg3 Nh6 29. Qg5 Qe8 30. f3 Qf7 31. Rg3 Nf5 32. Rh3 h6 33. Qg2 g5 34. Rg1 Qf6 35. Rg3 Rf8 36. Rg4 Nh4 37. Rxf4 Qxf4 38. Qh3 Nxf3 39. Qh5 Qf7 40. Qxf7+ Rxf7 41. Rd1 Rf4 42. Kg2 Nd4 43. h3 Nc2 44. Rc1 Ne3+ 45. Kg3 Rf1 46. Rxf1 Nxf1+ 47. Kf2 Nd2 48. Bf5 Kf6 49. Bg4 Nb1 50. Ke3 Nc3 51. Kd2 Nxa4 52. Kc2 Kg6 53. Kb3 h5 54. Be6 g4 55. h4 Kf6 56. Kxa4 e4 57. dxe4 Ke5 58. Bxg4 hxg4 59. h5 g3 60. h6 g2 61. h7 g1Q 62. h8Q+ Kxe4 63. Qc3 Qd1+ 64. Ka3 Qd3 0-1

[Event "Hessen-ch Seniors op 08th"]
[Site "Bad Sooden-Allendorf"]
[Date "2012.04.20"]
[Round "7"]
[White "Kempen, Willi"]
[Black "Kopp, Peter"]
[Result "1/2-1/2"]
[WhiteElo "2032"]
[BlackElo "2101"]
[PlyCount "38"]
[EventDate "2012.04.14"]
[EventType "swiss"]
[EventRounds "9"]
[EventCountry "GER"]
[SourceTitle "EXT 2019"]
[Source "ChessBase"]
[SourceDate "2018.10.10"]
[SourceVersion "1"]
[SourceVersionDate "2018.10.10"]
[SourceQuality "1"]

1. e4 c6 2. d4 d5 3. e5 c5 4. c3 Nc6 5. Nf3 Bg4 6. Bb5 Bxf3 7. Qxf3 e6 8. 0-0 Qb6 9. Bxc6+ bxc6 10. Rd1 cxd4 11. cxd4 Ne7 12. b3 Nf5 13. Bb2 Be7 14. Qd3 c5 15. dxc5 Bxc5 16. Rf1 0-0 17. Nc3 Rfc8 18. Nxd5 exd5 19. Qxf5 Qe6 1/2-1/2

[Event "Hessen-ch Seniors op 08th"]
[Site "Bad Sooden-Allendorf"]
[Date "2012.04.19"]
[Round "6"]
[White "Kopp, Peter"]
[Black "Kluger, Hans Peter"]
[Result "1-0"]
[WhiteElo "2101"]
[BlackElo "1957"]
[PlyCount "167"]
[EventDate "2012.04.14"]
[EventType "swiss"]
[EventRounds "9"]
[EventCountry "GER"]
[SourceTitle "EXT 2019"]
[Source "ChessBase"]
[SourceDate "2018.10.10"]
[SourceVersion "1"]
[SourceVersionDate "2018.10.10"]
[SourceQuality "1"]

1. e4 d6 2. Nf3 Nf6 3. d3 g6 4. g3 Bg7 5. Bg2 0-0 6. 0-0 c6 7. Re1 e5 8. c3 Be6 9. d4 Qb6 10. h3 Rd8 11. dxe5 dxe5 12. Qc2 Qc7 13. Nbd2 Nbd7 14. Ng5 Nf8 15. Nxe6 Nxe6 16. Bf1 b5 17. a4 a6 18. Nb3 h6 19. Kg2 Ne8 20. Be3 Rab8 21. axb5 axb5 22. Ra7 Rb7 23. Rea1 Rdb8 24. Rxb7 Rxb7 25. Ra6 Rb8 26. Qc1 Kh7 27. Qa1 Nd6 28. f3 c5 29. Ra7 Qb6 30. Nd2 Rb7 31. Ra6 Qc7 32. Nb3 Bf8 33. Ra8 Be7 34. Qa6 Rb6 35. Qa5 Nc4 36. Bxc4 bxc4 37. Nd2 Rxb2 38. Qxc7 Nxc7 39. Ra7 Bd6 40. Kf1 Kg7 41. Nxc4 Rb1+ 42. Ke2 Nb5 43. Rd7 Bb8 44. Kd2 Kf6 45. Bxc5 Bc7 46. Kc2 Rf1 47. Rd3 g5 48. g4 Rh1 49. Kb3 Rb1+ 50. Nb2 Ke6 51. Rd1 Rxd1 52. Nxd1 Bd6 53. Kc4 Nc7 54. Bb6 Ne8 55. Ne3 Ng7 56. Kb5 Kd7 57. Nd5 Ne6 58. Nf6+ Kc8 59. Kc6 Ba3 60. Be3 Be7 61. Ng8 Bf8 62. Kd5 Bg7 63. Ne7+ Kd7 64. Nf5 Nc7+ 65. Kc4 Bf8 66. h4 Ne6 67. h5 Kc6 68. Ng3 Be7 69. Ne2 Bf8 70. Nc1 Be7 71. Nd3 f6 72. Nb4+ Kd7 73. Nd5 Bd8 74. Kb5 Kd6 75. c4 Nd4+ 76. Bxd4 exd4 77. c5+ Ke5 78. Kc4 Ba5 79. c6 Bd8 80. c7 Bxc7 81. Nxc7 Kf4 82. Kxd4 Kxf3 83. Nd5 Kxg4 84. Nxf6+ 1-0

[Event "Hessen-ch Seniors op 08th"]
[Site "Bad Sooden-Allendorf"]
[Date "2012.04.16"]
[Round "3"]
[White "Preiss, Lore"]
[Black "Kopp, Peter"]
[Result "0-1"]
[WhiteElo "1860"]
[BlackElo "2101"]
[PlyCount "54"]
[EventDate "2012.04.14"]
[EventType "swiss"]
[EventRounds "9"]
[EventCountry "GER"]
[SourceTitle "EXT 2019"]
[Source "ChessBase"]
[SourceDate "2018.10.10"]
[SourceVersion "1"]
[SourceVersionDate "2018.10.10"]
[SourceQuality "1"]

1. d4 Nf6 2. Nf3 g6 3. c4 Bg7 4. Nc3 0-0 5. Bg5 d6 6. Bxf6 Bxf6 7. e3 Nd7 8. Be2 e5 9. 0-0 Re8 10. Ne4 Bg7 11. dxe5 Nxe5 12. Nfd2 Bf5 13. Nc3 Qh4 14. Nf3 Nxf3+ 15. Bxf3 Qxc4 16. Bd5 Qb4 17. Qd2 c6 18. Bf3 d5 19. Rad1 Rad8 20. a3 Qh4 21. Ne2 Be4 22. Qb4 Qe7 23. Qxe7 Rxe7 24. Bxe4 Rxe4 25. Rd2 f5 26. b3 Bh6 27. Rfd1 Rxe3 0-1